Statistics for Pokémon that Start with C

Click here to take the quiz!

General Stats

  • This quiz has been taken 1,061 times
    (118 since last reset)
  • The average score is 39 of 75

Answer Stats

Gen Answer % Correct
ICharmander
88%
ICharmeleon
88%
ICharizard
86%
IIICrawdaunt
73%
IIICorphish
73%
IVChimchar
71%
ICloyster
69%
IIIClamperl
68%
IICyndaquil
66%
ICaterpie
66%
IICroconaw
64%
IIICradily
64%
IIICombusken
64%
IICleffa
64%
IClefairy
64%
IIICacnea
64%
IIICascoon
64%
IClefable
63%
IICrobat
63%
IIICastform
63%
IIICacturne
63%
IIChikorita
63%
IVChingling
61%
ICubone
61%
IICelebi
61%
IIIChimecho
61%
IIICamerupt
56%
IVCresselia
56%
IVCarnivine
56%
IChansey
56%
VIChespin
56%
VCubchoo
54%
VCryogonal
54%
VIChesnaught
53%
IIChinchou
51%
IVCroagunk
51%
IVCherrim
51%
IVCranidos
51%
IIICarvanha
49%
IICorsola
49%
IVCherubi
49%
VIICrabominable
47%
VConkeldurr
46%
IVChatot
46%
VIICrabrawler
46%
IVCombee
46%
VIClauncher
46%
VIICelesteela
46%
VIIICorviknight
44%
VICarbink
44%
VIIICufant
44%
VCobalion
44%
VIClawitzer
44%
VIIICopperajah
42%
VIIICinderace
42%
VIIICorvisquire
42%
VIIICramorant
41%
VCofagrigus
41%
VIIICoalossal
39%
VIIICarkol
39%
VIICharjabug
39%
IIIClaydol
37%
VCarracosta
37%
VIIComfey
37%
VCottonee
36%
VCinccino
36%
VIICutiefly
36%
VIIIClobbopus
34%
VCrustle
34%
VChandelure
34%
VIIICursola
32%
VIIIChewtle
31%
VIICosmog
27%
VIICosmoem
27%
VIIICentiskorch
27%

Score Distribution

Percentile by Number Answered

Percent of People with Each Score

Your Score History

You have not taken this quiz since the last reset